|
|
|
|
| LEADER |
00000nam0a2200000 4500 |
| 001 |
112444 |
| 005 |
20231031121444.0 |
| 010 |
|
|
|a 5796601091
|
| 020 |
|
|
|a RU
|b 88-18150
|
| 035 |
|
|
|a (RuTPU)RU\TPU\book\121575
|
| 090 |
|
|
|a 112444
|
| 100 |
|
|
|a 20070328d1988 k a0rusy5003 ca
|
| 101 |
0 |
|
|a rus
|
| 102 |
|
|
|a LV
|
| 105 |
|
|
|a a z 001zy
|
| 200 |
1 |
|
|a Оптимизация и синтез виброударных машин
|f Я. А. Виба
|g Рижский политехнический институт им. А. Я. Пельше
|
| 210 |
|
|
|a Рига
|c Зинатне
|d 1988
|
| 215 |
|
|
|a 252 с.
|c ил.
|
| 320 |
|
|
|a Список литературы: с. 246-252.
|
| 610 |
1 |
|
|a оптимизация
|
| 610 |
1 |
|
|a синтез
|
| 610 |
1 |
|
|a виброударные машины
|
| 675 |
|
|
|a 62-868
|v 3
|
| 700 |
|
1 |
|a Виба
|b Я. А.
|g Янис Альфредович
|
| 712 |
0 |
2 |
|a Рижский политехнический институт им. А. Я. Пельше
|2 stltpush
|3 (RuTPU)RU\TPU\col\7561
|
| 801 |
|
0 |
|a RU
|b RuMRKP
|c 19950417
|g psbo
|
| 801 |
|
1 |
|a RU
|b 63413507
|c 20070328
|g PSBO
|
| 801 |
|
2 |
|a RU
|b 63413507
|c 20140605
|g PSBO
|
| 942 |
|
|
|c BK
|